Radar Observation of the Atmosphere / A Revised and Enlarged edition of Radar Meteorology (Record no. 1746)
[ view plain ]
| 000 -LEADER | |
|---|---|
| fixed length control field | 01145cam a22001934a 4500 |
| 005 - ΗΜΕΡΟΜΗΝΙΑ ΚΑΙ ΩΡΑ ΤΕΛΕΥΤΑΙΑΣ ΕΝΗΜΕΡΩΣΗΣ | |
| Πεδίο ελέγχου | 20250605164018.0 |
| 008 - FIXED-LENGTH DATA ELEMENTS--GENERAL INFORMATION | |
| Πεδίο ελέγχου σταθερού μήκους | 250528s ||||||||||||||||||||||||d |
| 035 ## - SYSTEM CONTROL NUMBER | |
| System control number | 16218 |
| 020 ## - ISBN | |
| ISBN | 226039196 |
| 040 ## - ΠΗΓΗ ΚΑΤΑΛΟΓΟΓΡΑΦΗΣΗΣ | |
| Φορέας πρωτότυπης καταλογογράφησης | MC Athens Campus Library |
| Γλώσσα καταλογογράφησης | Ελληνικά, Μοντέρνα (1453-) |
| Modifying agency | MC Athens Campus Library |
| Κανόνες περιγραφικής καταλογογράφησης | AACR2 |
| 245 1# - ΤΙΤΛΟΣ ΚΑΙ ΔΗΛΩΣΗ ΥΠΕΥΘΥΝΟΤΗΤΑΣ | |
| Τίτλος | Radar Observation of the Atmosphere / A Revised and Enlarged edition of Radar Meteorology |
| 260 ## - PUBLICATION, DISTRIBUTION, ETC. | |
| Name of publisher, distributor, etc. | The University Of Chicago Press, |
| Date of publication, distribution, etc. | 1973 |
| 300 ## - PHYSICAL DESCRIPTION | |
| Extent | 328 |
| 520 ## - SUMMARY, ETC. | |
| Summary, etc. | This book is designed as a review text for advanced undergraduate or graduate students of Meteorology. Preface, Principles of Radar, Some Properties of Electromagnetic Waves, Propagation of Electromagnetic Waves, Radar Detention of Spherical Particles, Backscattering by Melting Spheres and Non Spherical Particles, Attenuation, Use of Radar for Precipitation Measurements, Pulsed Doppler Radar, Distortion of Echoes Resulting from Finite Pulse Length and Beam Widths, Use of Radar in Cloud Physics Research, Radar Observations of Medium and Large Scale Systems, Clear-Air Echoes, Appendix, References, Index. |
| 700 1# - ΠΡΟΣΘΕΤΗ ΑΝΑΓΡΑΦΗ--ΦΥΣΙΚΟ ΠΡΟΣΩΠΟ | |
| Personal name | Battan Louis J. |
| 9 (RLIN) | 2298 |
| 942 ## - ADDED ENTRY ELEMENTS (KOHA) | |
| Koha item type | Books |
| Τύπος τεκμηρίου | Βιβλιοθήκη | Τρέχουσα τοποθεσία | Barcode | Αριθμός εισαγωγής | Ημερομηνία απόκτησης | Ταξιθετικό σύμβολο | Αριθμός αντιτύπου | Κατάσταση απόσυρσης | Κατάσταση χαμένου | Κατάσταση κατεστραμμένου | Μη δανεισμός | Σύνολο δανεισμών | Ημερομηνία τελευταίας εμφάνισης | Η τιμή ισχύει από |
|---|---|---|---|---|---|---|---|---|---|---|---|---|---|---|
| Books | MC Athens Campus Library | MC Athens Campus Library | 9780000017451 | 3305 | 05/06/2025 | 551.6/353 BAT | 1 | 05/06/2025 | 05/06/2025 |